Μουσικολογία και κινηματογράφος : κριτικές προσεγγίσεις στη μουσική των σύγχρονων ελληνικών ταινιών

Αποθηκεύτηκε σε:
Λεπτομέρειες βιβλιογραφικής εγγραφής
Κύριος συγγραφέας: Πουλάκης, Νίκος
Μορφή: Βιβλίο
Γλώσσα:Greek
Δημοσίευση: Αθήνα : Orpheus, 2015.
Θέματα:
Ετικέτες: Προσθήκη ετικέτας
Δεν υπάρχουν, Καταχωρήστε ετικέτα πρώτοι!

MARC

LEADER 00000cam a2200000 a 4500
001 1/111275
008 160706s2015####gr | ||| |||| ||gre||
020 |a 9789607266804 
040 |a GR-MyUa  |b gre  |c GR-MyUa  |e AACR2 
041 0 |a gre 
082 7 |a 781.542   |2 (23)  
100 1 |a Πουλάκης, Νίκος. 
245 1 0 |a Μουσικολογία και κινηματογράφος :   |b κριτικές προσεγγίσεις στη μουσική των σύγχρονων ελληνικών ταινιών /   |c Νίκος Πουλάκης.  
260 |a Αθήνα :   |b Orpheus,   |c 2015.  
300 |a 149 σ. ;   |c 21 εκ.  
504 |a Περιλαμβάνει βιβλιογραφία.  
650 0 |a Motion pictures and music. 
650 0 |a Motion pictures and music  |z Greece. 
650 0 |a Motion pictures  |z Greece. 
852 |a INST  |b LESVOS  |c EUDOXUS  |e 20160706  |h 781.542 ΠΟΥ  |p 005100058479  |q 005100058479  |t EDX  |y 0 
920 |a Εύδοξος  |b Παραγγελία  |y Λέσβος-ΤΠΤΕ  |z 2016-04 
970 |a Τζαφέρη  |b Ευαγγελία  |z 06-07-2016